| 000 | 00715nam a22002417a 4500 | ||
|---|---|---|---|
| 001 | 3089 | ||
| 003 | HMS | ||
| 005 | 20251223103237.0 | ||
| 008 | 251223b cl ||||| |||| 00| 0 spa d | ||
| 020 | _a8471011417 (edición en español) | ||
| 020 | _a0397507615 | ||
| 040 |
_ahms _bspa _chms |
||
| 050 | 0 | 4 | _aWP815 K83 |
| 100 | 1 |
_aKopans, Daniel B. _95147 |
|
| 245 | 1 | 3 |
_aLa mama en imagen : _cDaniel B. Kopans M.D. _h[libro] |
| 250 | _a1996 reimpresión | ||
| 260 |
_aMadrid, España : _bMarban Libros, _cc 1996 |
||
| 300 |
_axiii, 373 páginas : _bilustraciones ; _c29 cm. |
||
| 500 | _aMamografía -- Ecografía | ||
| 500 | _aIncluye índice | ||
| 650 | 7 |
_aMamografía _95148 |
|
| 942 |
_2(NLM) _cCOL. RES. _n0 |
||
| 999 |
_c3089 _d3089 |
||